[Event "21. Ciutat de Montcada 2013"]
[Site "Montcada i Reixac ESP"]
[Date "2013.07.02"]
[Round "8.11"]
[White "Satyapragyan, Swayangsu"]
[Black "Lorenzo De La Riva, Lazaro"]
[Result "0-1"]
[WhiteElo "2464"]
[BlackElo "2424"]
[PlyCount "52"]
[EventDate "2013.06.25"]
[EventType "swiss"]
[EventRounds "9"]
[EventCountry "ESP"]
[Source "lmi"]
[SourceDate "2013.06.25"]

1. e4 c6 2. Nc3 d5 3. Nf3 Bg4 4. h3 Bh5 5. d4 dxe4 6. Nxe4 Nf6 7. Nxf6+ gxf6 8.
c3 e6 9. Be2 Bd6 10. O-O Nd7 11. Nd2 Bxe2 12. Qxe2 Qe7 13. Nc4 Bc7 14. b3 Nb6
15. a4 Nd5 16. Qf3 O-O-O 17. b4 Rhg8 18. b5 Qd7 19. Rb1 Rg6 20. Kh1 e5 21. Rg1
e4 22. bxc6 bxc6 23. Qxe4 Nxc3 24. Qc2 Nxb1 25. Bb2 Rdg8 26. Qxb1 Rxg2 0-1

[Event "21. Ciutat de Montcada 2013"]
[Site "Montcada i Reixac ESP"]
[Date "2013.07.02"]
[Round "8.12"]
[White "Panelo, Marcelo"]
[Black "Kjartansson, Gudmundur"]
[Result "1-0"]
[WhiteElo "2428"]
[BlackElo "2453"]
[PlyCount "47"]
[EventDate "2013.06.25"]
[EventType "swiss"]
[EventRounds "9"]
[EventCountry "ESP"]
[Source "lmi"]
[SourceDate "2013.06.25"]

1. d4 d5 2. c4 c6 3. Nf3 Nf6 4. Nc3 dxc4 5. a4 Bf5 6. Ne5 Nbd7 7. Nxc4 Qc7 8.
g3 e5 9. dxe5 Nxe5 10. Bf4 Nfd7 11. Bg2 g5 12. Bxe5 Nxe5 13. Qd4 f6 14. h4 gxh4
15. Rxh4 Be7 16. Ne3 Be6 17. a5 Qd7 18. Qe4 Ng6 19. Rh5 O-O-O 20. Rd1 Bd6 21.
a6 bxa6 22. Nc4 Bxc4 23. Bh3 Bf7 24. Rxd6 1-0

[Event "21. Ciutat de Montcada 2013"]
[Site "Montcada i Reixac ESP"]
[Date "2013.07.02"]
[Round "8.13"]
[White "Rishi, Sardana"]
[Black "Herraiz Hidalgo, Herminio"]
[Result "1/2-1/2"]
[WhiteElo "2308"]
[BlackElo "2447"]
[PlyCount "27"]
[EventDate "2013.06.25"]
[EventType "swiss"]
[EventRounds "9"]
[EventCountry "ESP"]
[Source "lmi"]
[SourceDate "2013.06.25"]

1. e4 c5 2. Nf3 Nc6 3. d4 cxd4 4. Nxd4 g6 5. c4 Bg7 6. Be3 Nf6 7. Nc3 d6 8. Be2
O-O 9. O-O Bd7 10. Nc2 a6 11. f3 Rc8 12. Qd2 Ne5 13. b3 b5 14. cxb5 1/2-1/2

[Event "21. Ciutat de Montcada 2013"]
[Site "Montcada i Reixac ESP"]
[Date "2013.07.02"]
[Round "8.14"]
[White "Sanchez Ibern, Marc"]
[Black "Peralta, Fernando"]
[Result "0-1"]
[WhiteElo "2401"]
[BlackElo "2622"]
[PlyCount "68"]
[EventDate "2013.06.25"]
[EventType "swiss"]
[EventRounds "9"]
[EventCountry "ESP"]
[Source "lmi"]
[SourceDate "2013.06.25"]

1. e4 e6 2. d4 d5 3. Nc3 Nf6 4. Bg5 dxe4 5. Nxe4 Nbd7 6. Nf3 Be7 7. Bxf6 Nxf6
8. Bd3 Nxe4 9. Bxe4 c5 10. dxc5 Bxc5 11. Qxd8+ Kxd8 12. Ne5 Ke7 13. Nd3 Bd6 14.
f4 Rb8 15. c4 b6 16. a4 a5 17. Ke2 Bd7 18. g3 g5 19. b3 h6 20. h4 gxf4 21. gxf4
Rhg8 22. Rag1 Bc5 23. Rxg8 Rxg8 24. Bf3 Rg3 25. Nxc5 bxc5 26. Rh2 Rg1 27. Rh1
Rxh1 28. Bxh1 f5 29. Ke3 Kd6 30. Bf3 Bc6 31. Be2 Be4 32. Bd1 e5 33. b4 exf4+
34. Kxf4 cxb4 0-1

[Event "21. Ciutat de Montcada 2013"]
[Site "Montcada i Reixac ESP"]
[Date "2013.07.02"]
[Round "8.15"]
[White "Perez Mitjans, Orelvis"]
[Black "Perpinya Rofes, Lluis Maria"]
[Result "0-1"]
[WhiteElo "2496"]
[BlackElo "2400"]
[PlyCount "56"]
[EventDate "2013.06.25"]
[EventType "swiss"]
[EventRounds "9"]
[EventCountry "ESP"]
[Source "lmi"]
[SourceDate "2013.06.25"]

1. e4 c5 2. Nc3 Nc6 3. Nge2 g6 4. g3 Bg7 5. Bg2 d6 6. O-O e6 7. d3 Nge7 8. Be3
Nd4 9. Qd2 O-O 10. Nd1 Rb8 11. Nc1 b5 12. c3 Ndc6 13. Bh6 Bxh6 14. Qxh6 b4 15.
f4 bxc3 16. bxc3 f5 17. Ne3 d5 18. exd5 exd5 19. Nb3 d4 20. cxd4 Nxd4 21. Rfe1
Bb7 22. h4 Bxg2 23. Kxg2 Nd5 24. Nc4 Nc7 25. h5 Qf6 26. Nxc5 Qc6+ 27. Kh3 Nd5
28. hxg6 Nxf4+ 0-1

[Event "21. Ciutat de Montcada 2013"]
[Site "Montcada i Reixac ESP"]
[Date "2013.07.02"]
[Round "8.16"]
[White "Asis Gargatagli, Hipolito"]
[Black "Anurag, Mhamal"]
[Result "0-1"]
[WhiteElo "2490"]
[BlackElo "2401"]
[PlyCount "35"]
[EventDate "2013.06.25"]
[EventType "swiss"]
[EventRounds "9"]
[EventCountry "ESP"]
[Source "lmi"]
[SourceDate "2013.06.25"]

1. e4 c5 2. Nf3 e6 3. c3 Nf6 4. e5 Nd5 5. d4 cxd4 6. cxd4 d6 7. Bc4 Nc6 8. O-O
Be7 9. a3 O-O 10. Re1 h6 11. Bd3 Qb6 12. Nbd2 Nxd4 13. Nc4 Nxf3+ 14. Qxf3 Qd8
15. Qg4 f5 16. exf6 Nxf6 17. Qg3 e5 18. h3 0-1

[Event "21. Ciutat de Montcada 2013"]
[Site "Montcada i Reixac ESP"]
[Date "2013.07.02"]
[Round "8.17"]
[White "Laxman, R.R."]
[Black "Narayanan, Srinath"]
[Result "1/2-1/2"]
[WhiteElo "2397"]
[BlackElo "2464"]
[PlyCount "36"]
[EventDate "2013.06.25"]
[EventType "swiss"]
[EventRounds "9"]
[EventCountry "ESP"]
[Source "lmi"]
[SourceDate "2013.06.25"]

1. d4 Nf6 2. c4 e6 3. Nf3 c5 4. Nc3 cxd4 5. Nxd4 Nc6 6. a3 Be7 7. Bg5 O-O 8. e3
d5 9. cxd5 Nxd4 10. Qxd4 Nxd5 11. Bxe7 Nxe7 12. O-O-O Qxd4 13. Rxd4 b6 14. e4
e5 15. Rd6 Be6 16. Ba6 Bb3 17. Rd7 Ng6 18. Bb7 Rad8 1/2-1/2

[Event "21. Ciutat de Montcada 2013"]
[Site "Montcada i Reixac ESP"]
[Date "2013.07.02"]
[Round "8.18"]
[White "Camacho Collados, Jose"]
[Black "Neelotpal, Das"]
[Result "1/2-1/2"]
[WhiteElo "2371"]
[BlackElo "2461"]
[PlyCount "124"]
[EventDate "2013.06.25"]
[EventType "swiss"]
[EventRounds "9"]
[EventCountry "ESP"]
[Source "lmi"]
[SourceDate "2013.06.25"]

1. g3 d5 2. Bg2 e5 3. d3 Nc6 4. a3 g6 5. b4 Bg7 6. Bb2 Nge7 7. Nf3 O-O 8. b5
Nd4 9. O-O Nxf3+ 10. exf3 d4 11. Re1 c5 12. Nd2 g5 13. Ne4 Nd5 14. Nxc5 f5 15.
f4 exf4 16. Qf3 Nc7 17. gxf4 g4 18. Qe2 Rb8 19. Qe7 Nxb5 20. a4 Nc7 21. Qxd8
Rxd8 22. Re7 Nd5 23. Bxd5+ Rxd5 24. Re8+ Kf7 25. Rae1 Bf6 26. Ne6 Kxe8 27. Nc7+
Kf7 28. Nxd5 Bd8 29. Bxd4 Bd7 30. Bxa7 Ra8 31. Bd4 Rxa4 32. c4 Ra3 33. Re3 Bc6
34. h3 h5 35. hxg4 hxg4 36. Re5 Rxd3 37. Rxf5+ Kg6 38. Rf8 Rxd4 39. Rxd8 Kf7
40. f5 Rxc4 41. Ne3 Rf4 42. Rd6 g3 43. fxg3 Rf3 44. Nc4 Rxg3+ 45. Kf2 Rf3+ 46.
Ke2 Rxf5 47. Rxc6 bxc6 48. Nd6+ Ke6 49. Nxf5 Kxf5 50. Kd3 Ke5 51. Kc4 Kd6 52.
Kd4 c5+ 53. Kc4 Kc6 54. Kc3 Kb5 55. Kb3 c4+ 56. Kc3 Kc5 57. Kc2 Kb4 58. Kb2 c3+
59. Kc2 Kc4 60. Kc1 Kd3 61. Kd1 c2+ 62. Kc1 Kc3 1/2-1/2

[Event "21. Ciutat de Montcada 2013"]
[Site "Montcada i Reixac ESP"]
[Date "2013.07.02"]
[Round "8.19"]
[White "Munoz Pantoja, Miguel"]
[Black "Gomez Jurado, Luis Alberto"]
[Result "1/2-1/2"]
[WhiteElo "2459"]
[BlackElo "2273"]
[PlyCount "92"]
[EventDate "2013.06.25"]
[EventType "swiss"]
[EventRounds "9"]
[EventCountry "ESP"]
[Source "lmi"]
[SourceDate "2013.06.25"]

1. e4 c6 2. Nc3 d5 3. Nf3 Bg4 4. Be2 e6 5. O-O Nf6 6. e5 Nfd7 7. d4 Be7 8. Be3
O-O 9. Nd2 Bxe2 10. Nxe2 c5 11. f4 Nc6 12. c3 g6 13. Kh1 Rc8 14. Nf3 cxd4 15.
Nexd4 Nxd4 16. Nxd4 Nc5 17. Qg4 Kh8 18. Qe2 Qd7 19. g4 f5 20. exf6 Bxf6 21. Nf3
a6 22. Bxc5 Rxc5 23. Rae1 Rc4 24. Ne5 Bxe5 25. Qxe5+ Kg8 26. Qxe6+ Qxe6 27.
Rxe6 Rcxf4 28. Rxf4 Rxf4 29. Rb6 d4 30. cxd4 Rxd4 31. Rxb7 Rxg4 32. Ra7 Rd4 33.
Rxa6 Rd1+ 34. Kg2 Rd2+ 35. Kg3 Rxb2 36. Ra7 Rb4 37. a4 Kf8 38. a5 Ra4 39. a6
Ke8 40. Kf3 Kd8 41. Kg3 Kc8 42. Ra8+ Kc7 43. a7 Kb7 44. Rh8 h5 45. Rh7+ Ka8 46.
Rg7 Ra3+ 1/2-1/2

[Event "21. Ciutat de Montcada 2013"]
[Site "Montcada i Reixac ESP"]
[Date "2013.07.02"]
[Round "8.20"]
[White "Fluvia Poyatos, Jordi"]
[Black "Dalo, Hermes"]
[Result "1-0"]
[WhiteElo "2445"]
[BlackElo "2148"]
[PlyCount "73"]
[EventDate "2013.06.25"]
[EventType "swiss"]
[EventRounds "9"]
[EventCountry "ESP"]
[Source "lmi"]
[SourceDate "2013.06.25"]

1. d4 Nf6 2. c4 g6 3. Nc3 Bg7 4. e4 d6 5. Bg5 O-O 6. Qd2 c5 7. d5 a6 8. a4 Qa5
9. Ra3 e6 10. Bd3 exd5 11. Nxd5 Qxd2+ 12. Kxd2 Nxd5 13. exd5 Bxb2 14. Rb3 Bd4
15. Ne2 f6 16. Bh6 Rd8 17. Nxd4 cxd4 18. Bf4 a5 19. Rb6 Ra6 20. Rhb1 Kf8 21. c5
Rxb6 22. Rxb6 Nd7 23. Bxd6+ Kf7 24. Rb5 Ne5 25. Bxe5 fxe5 26. Be4 Kf6 27. f3 g5
28. Rxa5 Bf5 29. Rb5 Bxe4 30. fxe4 Rd7 31. Rb6+ Kf7 32. Rh6 Kf8 33. Rf6+ Kg8
34. Re6 Rc7 35. d6 Rd7 36. Rxe5 h6 37. Re7 1-0

[Event "21. Ciutat de Montcada 2013"]
[Site "Montcada i Reixac ESP"]
[Date "2013.07.03"]
[Round "9.1"]
[White "Gleizerov, Evgeny"]
[Black "Flores Rios, Mauricio"]
[Result "1/2-1/2"]
[WhiteElo "2553"]
[BlackElo "2492"]
[PlyCount "79"]
[EventDate "2013.06.25"]
[EventType "swiss"]
[EventRounds "9"]
[EventCountry "ESP"]
[Source "lmi"]
[SourceDate "2013.06.25"]

1. d4 Nf6 2. c4 g6 3. Nc3 d5 4. cxd5 Nxd5 5. Bd2 Bg7 6. e4 Nxc3 7. Bxc3 O-O 8.
Bc4 c5 9. d5 Bxc3+ 10. bxc3 Qd6 11. Ne2 f5 12. exf5 Bxf5 13. O-O Nd7 14. Ng3
Nb6 15. Qb3 Qf4 16. Be2 c4 17. Qb5 Qe5 18. Bxc4 Nxc4 19. Qxc4 Rac8 20. Qb5 Qxc3
21. Nxf5 Rxf5 22. Qxb7 Rc7 23. Qa6 Qf6 24. Qxf6 exf6 25. d6 Rd7 26. Rfd1 Ra5
27. h4 Kf7 28. Rd2 Ke6 29. Re1+ Re5 30. Red1 Rc5 31. Rd4 Rc6 32. Re4+ Kf7 33.
Ra4 a6 34. Rad4 Ke6 35. Re4+ Kf7 36. Rb4 Ke6 37. Kh2 Rcxd6 38. Rxd6+ Rxd6 39.
Rb7 Rd7 40. Rb6+ 1/2-1/2

[Event "21. Ciutat de Montcada 2013"]
[Site "Montcada i Reixac ESP"]
[Date "2013.07.03"]
[Round "9.2"]
[White "Burmakin, Vladimir"]
[Black "Nisipeanu, Liviu-Dieter"]
[Result "1/2-1/2"]
[WhiteElo "2575"]
[BlackElo "2667"]
[PlyCount "63"]
[EventDate "2013.06.25"]
[EventType "swiss"]
[EventRounds "9"]
[EventCountry "ESP"]
[Source "lmi"]
[SourceDate "2013.06.25"]

1. d4 g6 2. Nf3 Bg7 3. g3 d6 4. Bg2 Nd7 5. O-O Ngf6 6. b3 e5 7. dxe5 dxe5 8.
Bb2 e4 9. Ng5 e3 10. f4 O-O 11. Na3 h6 12. Nf3 Qe7 13. Nc4 Rd8 14. Qd3 Nb6 15.
Qxe3 Qxe3+ 16. Nxe3 Ng4 17. Nxg4 Bxb2 18. Rab1 Ba3 19. Nfe5 Kg7 20. Bf3 Rd2 21.
Ne3 Bc5 22. Kf2 Bf5 23. b4 Bxe3+ 24. Kxe3 Rxc2 25. Rbc1 Rxc1 26. Rxc1 c6 27. b5
cxb5 28. Bxb7 Rb8 29. Rc7 Be6 30. Be4 a5 31. Ra7 Bxa2 32. Rxa5 1/2-1/2

[Event "21. Ciutat de Montcada 2013"]
[Site "Montcada i Reixac ESP"]
[Date "2013.07.03"]
[Round "9.4"]
[White "Ulibin, Mikhail"]
[Black "Cori, Jorge"]
[Result "0-1"]
[WhiteElo "2523"]
[BlackElo "2549"]
[PlyCount "122"]
[EventDate "2013.06.25"]
[EventType "swiss"]
[EventRounds "9"]
[EventCountry "ESP"]
[Source "lmi"]
[SourceDate "2013.06.25"]

1. d4 Nf6 2. c4 g6 3. Nc3 d5 4. cxd5 Nxd5 5. Bd2 Bg7 6. e4 Nb6 7. Be3 O-O 8. h3
e5 9. Nf3 exd4 10. Bxd4 Nc6 11. Bxg7 Kxg7 12. Bb5 Qxd1+ 13. Rxd1 Nd8 14. O-O c6
15. Be2 Ne6 16. Rfe1 a5 17. Bf1 Nc5 18. Nd4 Be6 19. b3 Rad8 20. f4 Bc8 21. Rd2
Rfe8 22. Kf2 f6 23. g3 Rd7 24. Bg2 Rde7 25. Rc1 Na6 26. a3 Rd7 27. Rcd1 Kf7 28.
Nde2 Ke7 29. Rxd7+ Bxd7 30. Nd4 Rd8 31. Bf1 Nc7 32. Ke3 Be8 33. Nf3 Ra8 34. Rb1
Bf7 35. Nd4 Rd8 36. Na4 Nd7 37. Bc4 Be8 38. b4 axb4 39. axb4 Ra8 40. Nc5 Ra3+
41. Bd3 Ra7 42. h4 Kd6 43. Rc1 Nxc5 44. bxc5+ Ke7 45. Bc4 Ra3+ 46. Kf2 Bd7 47.
e5 fxe5 48. fxe5 Be6 49. Be2 Nd5 50. Rb1 Bc8 51. Rc1 Rc3 52. Rxc3 Nxc3 53. Ke3
Na4 54. Nb3 Be6 55. Na5 Nxc5 56. Kd4 Nb3+ 57. Nxb3 Bxb3 58. Kc5 Ke6 59. Bg4+
Kxe5 60. Bc8 b5 61. Bd7 Bd5 0-1

[Event "21. Ciutat de Montcada 2013"]
[Site "Montcada i Reixac ESP"]
[Date "2013.07.03"]
[Round "9.5"]
[White "Lorenzo De La Riva, Lazaro"]
[Black "Guerra Mendez, Jose Angel"]
[Result "0-1"]
[WhiteElo "2424"]
[BlackElo "2505"]
[PlyCount "186"]
[EventDate "2013.06.25"]
[EventType "swiss"]
[EventRounds "9"]
[EventCountry "ESP"]
[Source "lmi"]
[SourceDate "2013.06.25"]

1. e4 e5 2. Nf3 Nc6 3. d4 exd4 4. Nxd4 Bc5 5. Nb3 Bb6 6. Nc3 Nge7 7. Bg5 f6 8.
Bh4 d6 9. Qd2 O-O 10. O-O-O a5 11. Bb5 Bd7 12. f4 Nb4 13. Bc4+ Kh8 14. a3 Na6
15. Nd4 Nc5 16. Rhe1 Bg4 17. Be2 Qd7 18. Bxg4 Qxg4 19. Nf3 a4 20. h3 Qg6 21. f5
Qf7 22. g4 Ba5 23. g5 Qc4 24. gxf6 gxf6 25. Nd4 Bxc3 26. bxc3 Qa2 27. Qh6 Ng8
28. Qf4 Rae8 29. Re3 Rf7 30. Kd2 Rfe7 31. Ne6 Nxe6 32. fxe6 Qxe6 33. Rf1 Rf7
34. Rb1 Ne7 35. Rf1 Ref8 36. Ref3 Ng6 37. Qh6 Nxh4 38. Qxh4 d5 39. exd5 Qxd5+
40. Kc1 Qa2 41. Qxa4 Rd8 42. Qb3 Qa1+ 43. Qb1 Qxa3+ 44. Qb2 Qxb2+ 45. Kxb2 Kg7
46. c4 Rd4 47. Kb3 Rh4 48. Rg3+ Kf8 49. Kb4 f5 50. Kc5 f4 51. Rgf3 Ke7 52. Kd5
Rh5+ 53. Kd4 Kd6 54. Rxf4 c5+ 55. Ke4 Re7+ 56. Kd3 Rxh3+ 57. Kd2 Rh2+ 58. Kc3
Re3+ 59. Kb2 Ree2 60. Rf6+ Kc7 61. Rf7+ Kb6 62. R7f6+ Kc7 63. Rf7+ Kd6 64.
R7f6+ Re6 65. Rf7 Ree2 66. R7f6+ Kc7 67. Rf7+ Kb8 68. Rf8+ Ka7 69. Ra1+ Kb6 70.
Rf6+ Kc7 71. Rf7+ Kd6 72. Rc1 b6 73. Rf6+ Re6 74. Rf7 Kc6 75. Rd1 b5 76. Ra7
Ree2 77. Ra6+ Kb7 78. cxb5 Rxc2+ 79. Kb3 Rb2+ 80. Kc4 Rhc2+ 81. Kd5 Rxb5 82.
Rh6 Rb4 83. Rxh7+ Kb6 84. Rh6+ Kb5 85. Rc6 Rcc4 86. Rd6 Rd4+ 87. Rxd4 Rxd4+ 88.
Ke5 Rh4 89. Rd8 c4 90. Kd5 c3 91. Rb8+ Ka4 92. Ra8+ Kb3 93. Rb8+ Rb4 0-1

[Event "21. Ciutat de Montcada 2013"]
[Site "Montcada i Reixac ESP"]
[Date "2013.07.03"]
[Round "9.6"]
[White "Cuartas, Jaime Alexander"]
[Black "Cori T., Deysi"]
[Result "1-0"]
[WhiteElo "2484"]
[BlackElo "2437"]
[PlyCount "69"]
[EventDate "2013.06.25"]
[EventType "swiss"]
[EventRounds "9"]
[EventCountry "ESP"]
[Source "lmi"]
[SourceDate "2013.06.25"]

1. e4 e6 2. Nf3 d5 3. exd5 exd5 4. d4 Nc6 5. Bb5 Nge7 6. Ne5 Bd7 7. Nxd7 Qxd7
8. c3 a6 9. Bd3 g6 10. O-O Bg7 11. Bf4 O-O 12. Nd2 Nd8 13. Nf3 f6 14. Re1 Ne6
15. Bd2 Rae8 16. h4 Kh8 17. Qc2 c5 18. dxc5 Nxc5 19. Be3 Ne6 20. Rad1 Qc8 21.
Bf1 f5 22. Ng5 Nc6 23. Nxe6 Rxe6 24. Qd2 Re4 25. Qxd5 Rd8 26. Qf7 Rf8 27. Qd7
Qb8 28. Bg5 Ne5 29. Qd2 h6 30. Rxe4 fxe4 31. Be7 Ng4 32. Bd6 e3 33. fxe3 Qd8
34. Bxf8 Qxf8 35. Qd8 1-0

[Event "21. Ciutat de Montcada 2013"]
[Site "Montcada i Reixac ESP"]
[Date "2013.07.03"]
[Round "9.7"]
[White "Saptarshi, Roy"]
[Black "Panelo, Marcelo"]
[Result "1-0"]
[WhiteElo "2447"]
[BlackElo "2428"]
[PlyCount "97"]
[EventDate "2013.06.25"]
[EventType "swiss"]
[EventRounds "9"]
[EventCountry "ESP"]
[Source "lmi"]
[SourceDate "2013.06.25"]

1. e4 c5 2. Nf3 d6 3. d4 Nf6 4. Nc3 cxd4 5. Nxd4 a6 6. Qf3 g6 7. h3 Bg7 8. Be3
O-O 9. O-O-O Bd7 10. Nd5 Nc6 11. Kb1 Rc8 12. g4 Nxd5 13. exd5 Nxd4 14. Bxd4 e5
15. dxe6 fxe6 16. Qe3 e5 17. Bb6 Qf6 18. Bg2 Bc6 19. Qb3+ Kh8 20. Bd5 a5 21.
Rhe1 a4 22. Qb4 Qe7 23. Be3 Qc7 24. c3 a3 25. Bxc6 bxc6 26. Qxd6 Qf7 27. Qxa3
Rb8 28. Qc5 Ra8 29. b3 Rfb8 30. Rd2 Qf3 31. Qc4 c5 32. Rd7 Qc6 33. Qf7 Qe4+ 34.
Kc1 Rg8 35. f3 Qc6 36. Kb1 Qa6 37. a4 Raf8 38. Qd5 Rb8 39. Kc2 Qf6 40. Bxc5
Rbc8 41. b4 Rcd8 42. Rxd8 Rxd8 43. Qe4 Qe6 44. Ra1 Qd7 45. Be3 Rc8 46. a5 Qc7
47. Ra3 Bf8 48. a6 Qd7 49. a7 1-0

[Event "21. Ciutat de Montcada 2013"]
[Site "Montcada i Reixac ESP"]
[Date "2013.07.03"]
[Round "9.8"]
[White "Peralta, Fernando"]
[Black "Valdes, Leonardo"]
[Result "1/2-1/2"]
[WhiteElo "2622"]
[BlackElo "2436"]
[PlyCount "117"]
[EventDate "2013.06.25"]
[EventType "swiss"]
[EventRounds "9"]
[EventCountry "ESP"]
[Source "lmi"]
[SourceDate "2013.06.25"]

1. d4 Nf6 2. c4 g6 3. Nc3 Bg7 4. e4 d6 5. Nf3 O-O 6. Be2 e5 7. O-O Nc6 8. d5
Ne7 9. Ne1 Nd7 10. Be3 f5 11. f3 f4 12. Bf2 g5 13. Nd3 Nf6 14. c5 Ng6 15. Rc1
Rf7 16. Nb5 Bf8 17. cxd6 cxd6 18. Nxa7 Bd7 19. Qb3 g4 20. Bb6 Qe8 21. fxg4 Nxe4
22. Nf2 Nd2 23. Qb4 Nxf1 24. Bxf1 f3 25. g3 Bh6 26. Re1 Qb8 27. Nb5 Bxb5 28.
Qxb5 Rxa2 29. Bc4 Ra6 30. Rf1 Bd2 31. Qb3 Ba5 32. Be3 b5 33. Qxb5 Qxb5 34. Bxb5
Ra8 35. Ne4 Bb4 36. Bc4 Rc8 37. b3 Ra8 38. g5 Kg7 39. Nf6 Nf8 40. Bb5 Rb8 41.
Ba4 Rc7 42. Ne8+ Rxe8 43. Bxe8 Rc3 44. Rxf3 Rxb3 45. Rf7+ Kg8 46. Rb7 Rxe3 47.
Rxb4 Rd3 48. Rb7 Kh8 49. Bc6 e4 50. Re7 e3 51. Kf1 Ng6 52. Ke2 Rd2+ 53. Kxe3
Rxh2 54. Re6 Ne5 55. Kd4 Rd2+ 56. Ke3 Rb2 57. Kd4 Rd2+ 58. Ke3 Rb2 59. Kd4
1/2-1/2

[Event "21. Ciutat de Montcada 2013"]
[Site "Montcada i Reixac ESP"]
[Date "2013.07.03"]
[Round "9.9"]
[White "Ducarmon, Quinten"]
[Black "Cruz, Cristhian"]
[Result "1/2-1/2"]
[WhiteElo "2436"]
[BlackElo "2499"]
[PlyCount "101"]
[EventDate "2013.06.25"]
[EventType "swiss"]
[EventRounds "9"]
[EventCountry "ESP"]
[Source "lmi"]
[SourceDate "2013.06.25"]

1. e4 c5 2. Nf3 d6 3. d4 Nf6 4. Nc3 cxd4 5. Qxd4 Nc6 6. Bb5 Bd7 7. Bxc6 Bxc6 8.
Bg5 e6 9. Qd3 Be7 10. Nd4 O-O 11. O-O-O Qa5 12. f4 Rfc8 13. f5 Be8 14. Kb1 h6
15. Bh4 b5 16. fxe6 fxe6 17. Rhf1 b4 18. Bxf6 Bxf6 19. Rxf6 gxf6 20. Nxe6 Qe5
21. Nd5 Qxe6 22. Rf1 Kg7 23. Nxf6 Qxf6 24. Rxf6 Kxf6 25. Qxd6+ Kg7 26. Qe5+ Kg8
27. Qe6+ Bf7 28. Qxh6 Rc5 29. Qd2 Rac8 30. b3 a5 31. Qf2 Bg6 32. Qf6 R8c6 33.
Qd8+ Kf7 34. Qd7+ Kf6 35. Qd8+ Ke5 36. Qe7+ Kd4 37. Qd7+ Kxe4 38. Qg4+ Ke3 39.
Qf3+ Kd4 40. Qf4+ Be4 41. Qd2+ Ke5 42. Qg5+ Ke6 43. Qh6+ Kf5 44. Qh5+ Kf6 45.
Qh4+ Ke5 46. Qg5+ Kd4 47. Qd2+ Ke5 48. Qg5+ Ke6 49. Qh6+ Kd7 50. Qg7+ Ke8 51.
Qg8+ 1/2-1/2

[Event "21. Ciutat de Montcada 2013"]
[Site "Montcada i Reixac ESP"]
[Date "2013.07.03"]
[Round "9.10"]
[White "Escobar Forero, Alder"]
[Black "Rishi, Sardana"]
[Result "1/2-1/2"]
[WhiteElo "2468"]
[BlackElo "2308"]
[PlyCount "35"]
[EventDate "2013.06.25"]
[EventType "swiss"]
[EventRounds "9"]
[EventCountry "ESP"]
[Source "lmi"]
[SourceDate "2013.06.25"]

1. e4 c5 2. Nf3 d6 3. d4 cxd4 4. Nxd4 Nf6 5. Nc3 a6 6. a4 e5 7. Nf3 Be7 8. Bc4
O-O 9. O-O Be6 10. Qd3 Nc6 11. Nd5 Bxd5 12. Bxd5 Nb4 13. Qb3 Nbxd5 14. exd5 Qc7
15. c3 Rac8 16. Bg5 Ne4 17. Be3 f5 18. Rfe1 1/2-1/2

[Event "21. Ciutat de Montcada 2013"]
[Site "Montcada i Reixac ESP"]
[Date "2013.07.03"]
[Round "9.12"]
[White "Herraiz Hidalgo, Herminio"]
[Black "Perpinya Rofes, Lluis Maria"]
[Result "1/2-1/2"]
[WhiteElo "2447"]
[BlackElo "2400"]
[PlyCount "29"]
[EventDate "2013.06.25"]
[EventType "swiss"]
[EventRounds "9"]
[EventCountry "ESP"]
[Source "lmi"]
[SourceDate "2013.06.25"]

1. d4 Nf6 2. c4 g6 3. Nc3 Bg7 4. e4 d6 5. Be2 O-O 6. Nf3 c5 7. O-O Re8 8. h3
cxd4 9. Nxd4 Nbd7 10. Re1 b6 11. Bf1 Bb7 12. g3 Rc8 13. b3 a6 14. Bb2 Qc7 15.
Bg2 1/2-1/2

[Event "21. Ciutat de Montcada 2013"]
[Site "Montcada i Reixac ESP"]
[Date "2013.07.03"]
[Round "9.13"]
[White "Martinez Ramirez, Erik"]
[Black "Fluvia Poyatos, Jordi"]
[Result "0-1"]
[WhiteElo "2306"]
[BlackElo "2445"]
[PlyCount "70"]
[EventDate "2013.06.25"]
[EventType "swiss"]
[EventRounds "9"]
[EventCountry "ESP"]
[Source "lmi"]
[SourceDate "2013.06.25"]

1. e4 c5 2. Nf3 d6 3. d4 cxd4 4. Nxd4 Nf6 5. Nc3 g6 6. Be3 Bg7 7. f3 a6 8. Qd2
Nbd7 9. Bc4 b5 10. Bb3 Bb7 11. a4 b4 12. Nce2 e5 13. Qxb4 exd4 14. Bxd4 Qc7 15.
O-O-O Nc5 16. Qc3 Nxb3+ 17. cxb3 Rc8 18. Kb1 Qe7 19. Qd3 O-O 20. Nc3 Rfd8 21.
Rhe1 Qe6 22. Ka2 Nh5 23. g3 Bxd4 24. Qxd4 Qe5 25. Qb6 Rb8 26. Qc7 Qc5 27. Qe7
Bc6 28. Nd5 Qc2 29. Nb4 Rxb4 30. Qxd8+ Kg7 31. Ka1 Qxb3 32. Rd2 Rxa4+ 33. Kb1
Qxf3 34. Rxd6 Bxe4+ 35. Kc1 Rc4+ 0-1

[Event "21. Ciutat de Montcada 2013"]
[Site "Montcada i Reixac ESP"]
[Date "2013.07.03"]
[Round "9.14"]
[White "Garriga Cazorla, Pere"]
[Black "Moreno Ruiz, Javier"]
[Result "1/2-1/2"]
[WhiteElo "2090"]
[BlackElo "2486"]
[PlyCount "32"]
[EventDate "2013.06.25"]
[EventType "swiss"]
[EventRounds "9"]
[EventCountry "ESP"]
[Source "lmi"]
[SourceDate "2013.06.25"]

1. Nf3 Nf6 2. g3 b5 3. Bg2 Bb7 4. O-O e6 5. d4 c5 6. e3 Be7 7. Qe2 Qb6 8. b3
cxd4 9. exd4 O-O 10. Be3 d5 11. Nbd2 b4 12. Rfc1 Nc6 13. a3 a5 14. h3 Rfc8 15.
Qd1 Na7 16. Nb1 Nb5 1/2-1/2

[Event "21. Ciutat de Montcada 2013"]
[Site "Montcada i Reixac ESP"]
[Date "2013.07.03"]
[Round "9.15"]
[White "Pancevski, Filip"]
[Black "Del Rey, Diego"]
[Result "1/2-1/2"]
[WhiteElo "2513"]
[BlackElo "2376"]
[PlyCount "93"]
[EventDate "2013.06.25"]
[EventType "swiss"]
[EventRounds "9"]
[EventCountry "ESP"]
[Source "lmi"]
[SourceDate "2013.06.25"]

1. e4 c6 2. d4 d5 3. e5 Bf5 4. Nf3 e6 5. Be2 c5 6. O-O Nc6 7. dxc5 Bxc5 8. a3
a5 9. Nc3 Nge7 10. Bf4 Ng6 11. Bg3 O-O 12. Nb5 Bg4 13. Ne1 Bxe2 14. Qxe2 Nd4
15. Nxd4 Bxd4 16. c3 Ba7 17. Kh1 Qg5 18. Qb5 Qe7 19. Nd3 Qc7 20. f4 Qc4 21. a4
Ne7 22. Bf2 Bxf2 23. Rxf2 b6 24. Rd2 Qxb5 25. axb5 Rfc8 26. Ra4 f6 27. Kg1 h5
28. g3 Kf7 29. Kf2 Ra7 30. Re2 Rac7 31. Ne1 Rc4 32. Rxc4 Rxc4 33. Nf3 Nf5 34.
h3 h4 35. g4 Ng3 36. Rc2 Rxf4 37. exf6 g5 38. c4 dxc4 39. Rxc4 Kxf6 40. Rxf4+
gxf4 41. Nxh4 e5 42. Nf3 Ne4+ 43. Ke2 Nd6 44. g5+ Kf5 45. g6 Ne8 46. Nh4+ Kf6
47. Kf3 1/2-1/2

[Event "21. Ciutat de Montcada 2013"]
[Site "Montcada i Reixac ESP"]
[Date "2013.07.03"]
[Round "9.16"]
[White "Narayanan, Srinath"]
[Black "Camacho Collados, Jose"]
[Result "1-0"]
[WhiteElo "2464"]
[BlackElo "2371"]
[PlyCount "97"]
[EventDate "2013.06.25"]
[EventType "swiss"]
[EventRounds "9"]
[EventCountry "ESP"]
[Source "lmi"]
[SourceDate "2013.06.25"]

1. e4 c5 2. Nf3 Nc6 3. Bb5 g6 4. Bxc6 dxc6 5. d3 Bg7 6. h3 Nf6 7. Nc3 Nd7 8.
Be3 e5 9. Qd2 h6 10. O-O Qe7 11. Nh2 Nf8 12. f4 exf4 13. Bxf4 Ne6 14. Bg3 O-O
15. e5 Qg5 16. Qe1 Nd4 17. Ne4 Qe7 18. Qd2 Nf5 19. Bf2 b6 20. Nf3 Be6 21. b4
Rad8 22. bxc5 Bd5 23. Qf4 f6 24. exf6 Bxf6 25. Nxf6+ Rxf6 26. Rae1 Qb7 27. Bh4
g5 28. Nxg5 hxg5 29. Qxg5+ Qg7 30. Qxg7+ Kxg7 31. Bxf6+ Kxf6 32. g4 Be6 33.
cxb6 axb6 34. gxf5 Bxa2 35. Re4 Bf7 36. Rh4 Rg8+ 37. Kh2 Re8 38. Rh6+ Kg5 39.
Rxc6 Re2+ 40. Kg3 Re3+ 41. Kf2 Rxh3 42. Ke1 b5 43. f6 b4 44. Kd2 Rh2+ 45. Kc1
Kg6 46. Rc7 Rg2 47. Rb7 Rg4 48. Kb2 Bd5 49. Rg7+ 1-0